| 000 | 00364nam a2200133 4500 | ||
|---|---|---|---|
| 245 | _aSome central problems in Hume's philosophy | ||
| 100 | _aDaniel, S.C. | ||
| 710 | _aProf. Mrinal Miri | ||
| 250 | _aNEHU | ||
| 260 |
_aShillong _bNEHU, Dept. of Philosophy _c1980 |
||
| 300 | _a305p., 28cm. | ||
| 082 |
_aDS _b192 HUM/DAN |
||
| 650 | _aPhilosphers, Western-Biography | ||
| 999 |
_c85435 _d85435 |
||